000 00499nam a2200193 a 4500
001 1760273482626
003 ACL
005 20251012182250.0
008 251012s1992##################000#0#eng##
020 _a9780256126303
082 0 4 _a658.452
_bBEC
100 1 _aBecker, Paula,
_eauthor.
245 1 0 _aSpeaking Skills for Business Careers :
260 _bMcGraw-Hill Education,
_c1992.
300 _a147 pages
650 0 _aBusiness & Economics.
942 _cENGLISH
040 _aACL
_beng
_cACL
999 _c591494
_d591494